[Event "DM Kandidatklassen 2026"]
[Site "Svendborg"]
[Date "2026.04.05"]
[Round "6.2"]
[White "Haarh, Simon Bjork"]
[Black "Li, Anna Sofie"]
[Result "1-0"]
[WhiteElo "2205"]
[BlackElo "2047"]
[WhiteFideId "1470515"]
[BlackFideId "1472119"]
[EventDate "2026.03.31"]
[EventType "swiss"]
[EventRounds "7"]
[EventCountry "DEN"]
[SourceTitle "Live v. Kasper Jerwiarz"]

1. e4 e5 2. Nf3 Nc6 3. Bb5 a6 4. Ba4 Nf6 5. O-O Be7 6. Re1 b5 7. Bb3 O-O 8. a4 Bb7 9. d3 d6 10. h3 Nd7 11. c3 Nc5 12. Bc2 Nxa4 13. Bxa4 bxa4 14. d4 f5 15. Qxa4 fxe4 16. Nxe5 dxe5 17. Qb3+ Kh8 18. Qxb7 Qd5 19. Rxa6 Rxa6 20. Qxa6 exd4 21. cxd4 Nb4 22. Qe2 Nd3 23. Nc3 Qxd4 24. Be3 Qe5 25. Rd1 Bh4 26. Nxe4 Nxf2 27. Bxf2 Rxf2 28. Qg4 Qf4 29. Nxf2 Qxf2+ 30. Kh1 h6 31. b4 Qc2 32. Rf1 Bf6 33. Qc8+ Kh7 34. Qf5+ Qxf5 35. Rxf5 1-0

[Event "DM Kandidatklassen 2026"]
[Site "Svendborg"]
[Date "2026.04.05"]
[Round "6.3"]
[White "Lilja, Richard"]
[Black "Peitersen, Andreas"]
[Result "0-1"]
[WhiteElo "2074"]
[BlackElo "2141"]
[WhiteFideId "1403109"]
[BlackFideId "1479814"]
[EventDate "2026.03.31"]
[EventType "swiss"]
[EventRounds "7"]
[EventCountry "DEN"]
[SourceTitle "Live v. Kasper Jerwiarz"]

1. b3 e5 2. Bb2 Nc6 3. e3 d6 4. Bb5 Bd7 5. Ne2 a6 6. Bxc6 Bxc6 7. O-O Be7 8. f4 Bf6 9. c4 exf4 10. Bxf6 Qxf6 11. Nbc3 f3 12. Nd4 Qg6 13. Nxf3 Nf6 14. Qe2 O-O 15. Nd4 Bd7 16. Qf3 c5 17. Nf5 Bxf5 18. Qxf5 Qxf5 19. Rxf5 Rae8 20. Raf1 Ne4 21. Nxe4 Rxe4 22. a4 Re5 23. R1f3 f6 24. d4 cxd4 25. exd4 Re1+ 26. Kf2 Rfe8 27. Rd3 R8e2+ 28. Kg3 Kf7 29. Rf2 Re4 30. Rfd2 a5 31. c5 dxc5 32. dxc5 Rb4 33. Rc2 Rb1 34. Rcc3 Rb2 35. Kf3 g5 36. h3 h5 37. g4 h4 38. c6 bxc6 39. Rc5 R2xb3 40. Rxb3 Rxb3+ 41. Kg2 Rg3+ 42. Kh2 Ra3 43. Rxa5 Ke6 44. Rc5 Kd6 45. Rf5 c5 46. Rxf6+ Ke5 47. Rf5+ Kd4 48. Rxg5 Ra2+ 49. Kg1 c4 50. Rf5 c3 51. Rf1 c2 52. g5 Rb2 53. Rf4+ Ke5 54. Rc4 Rb1+ 55. Kf2 c1=Q 56. Rxc1 Rxc1 57. a5 Kf5 58. g6 Kxg6 59. Ke3 Ra1 60. Ke4 Kg5 61. Kd5 Rxa5+ 62. Ke6 Ra3 63. Kd5 0-1

[Event "DM Kandidatklassen 2026"]
[Site "Svendborg"]
[Date "2026.04.05"]
[Round "6.4"]
[White "Jarlskov, Daniel Tuk Hartso"]
[Black "Boje, Tobias Rosholm"]
[Result "1/2-1/2"]
[WhiteElo "2199"]
[BlackElo "2130"]
[WhiteFideId "1463896"]
[BlackFideId "1413643"]
[EventDate "2026.03.31"]
[EventType "swiss"]
[EventRounds "7"]
[EventCountry "DEN"]
[SourceTitle "Live v. Kasper Jerwiarz"]

1. d4 d5 2. c4 e6 3. Nf3 Nf6 4. g3 Be7 5. Bg2 O-O 6. O-O c6 7. Nc3 Nbd7 8. Qc2 b6 9. e4 dxe4 10. Nxe4 Nxe4 11. Qxe4 Bb7 12. Ne5 Nxe5 13. dxe5 Rb8 14. Qg4 Re8 15. h4 c5 16. h5 Bxg2 17. Kxg2 Qc7 18. Re1 Rbd8 19. Bh6 g6 20. hxg6 hxg6 21. Re4 Rd4 22. Rxd4 cxd4 23. Qxd4 Qc6+ 24. f3 Rd8 25. Qc3 Qa4 26. a3 Qc6 27. Re1 Qd7 28. Re2 Qd1 29. Qc2 Qd4 30. Be3 Qd7 31. Rd2 Qc7 32. Rxd8+ Bxd8 33. Qe4 Be7 34. g4 Kg7 35. f4 Qd7 36. b4 Qd1 37. Qf3 Qc2+ 38. Kh3 Qxc4 39. f5 exf5 40. gxf5 Qh4+ 41. Kg2 gxf5 42. Qxf5 Qc4 43. Kg3 Qh4+ 44. Kf3 Qh1+ 45. Ke2 Qg2+ 46. Kd3 Qd5+ 47. Kc3 Qc6+ 48. Kd4 b5 49. Qg4+ Kh8 50. Kd3 Qd5+ 51. Qd4 Qb3+ 52. Ke2 Qa2+ 53. Kf3 Qe6 54. Qxa7 Qf5+ 55. Bf4 Qh3+ 56. Ke4 Qg2+ 57. Kd4 Qg1+ 58. Be3 Qg4+ 59. Kc3 Qc4+ 60. Kd2 Qa2+ 61. Kd1 Qb3+ 62. Ke2 Qc4+ 63. Kf3 Qf1+ 64. Bf2 Qh3+ 65. Ke2 Qh5+ 66. Kd3 Qd1+ 67. Ke4 Qg4+ 68. Kd3 Qd1+ 69. Kc3 Qc1+ 70. Kb3 Qb1+ 1/2-1/2

[Event "DM Kandidatklassen 2026"]
[Site "Svendborg"]
[Date "2026.04.05"]
[Round "6.5"]
[White "Thuesen, Mogens Henrik"]
[Black "Iskos, Lukas"]
[Result "1-0"]
[WhiteElo "2056"]
[BlackElo "2135"]
[WhiteFideId "1400878"]
[BlackFideId "1461613"]
[EventDate "2026.03.31"]
[EventType "swiss"]
[EventRounds "7"]
[EventCountry "DEN"]
[SourceTitle "Live v. Kasper Jerwiarz"]

1. e4 c5 2. Nf3 Nc6 3. d4 cxd4 4. Nxd4 Nf6 5. Nc3 e5 6. Ndb5 d6 7. Bg5 a6 8. Na3 b5 9. Bxf6 gxf6 10. Nd5 f5 11. Bxb5 axb5 12. Nxb5 Ra4 13. Nbc7+ Kd7 14. O-O Rxe4 15. Qh5 Ne7 16. Qxf7 Kc6 17. c4 Rg4 18. Nb5 Rhg8 19. g3 R8g6 20. Na7+ Kb7 21. Nxc8 Kxc8 22. Rfc1 Kb8 23. Rc3 Rg7 24. Rb3+ Ka8 25. Qh5 R7g5 26. Qxh7 Rg7 27. Qh5 R7g5 28. Qh3 Nc6 29. Qf1 Na7 30. Qd1 Rd4 31. Qe1 Nc6 32. Rd1 Rgg4 33. f3 Rxd1 34. Qxd1 Rd4 35. Ra3+ Na5 36. Qb3 Bh6 37. Qb5 Bd2 38. b4 Qb8 39. Rxa5+ 1-0

[Event "DM Kandidatklassen 2026"]
[Site "Svendborg"]
[Date "2026.04.05"]
[Round "6.6"]
[White "Zander, Emil"]
[Black "Slavensky, Asbjorn Vesterkaer"]
[Result "1/2-1/2"]
[WhiteElo "2205"]
[BlackElo "2103"]
[WhiteFideId "1467123"]
[BlackFideId "1470094"]
[EventDate "2026.03.31"]
[EventType "swiss"]
[EventRounds "7"]
[EventCountry "DEN"]
[SourceTitle "Live v. Kasper Jerwiarz"]

1. e4 c5 2. Nf3 d6 3. Bb5+ Nd7 4. O-O Nf6 5. Re1 a6 6. Bf1 e6 7. c3 Be7 8. d4 Qc7 9. d5 Ne5 10. c4 O-O 11. h3 Re8 12. Nc3 h6 13. Nh2 exd5 14. exd5 Bd7 15. f4 Ng6 16. a4 Nh7 17. Nf3 Nh4 18. Be3 Bf6 19. Bf2 Rxe1 20. Bxe1 Nxf3+ 21. Qxf3 Re8 22. Qd3 Qb6 23. Qc2 Bd4+ 24. Bf2 Nf6 25. Bd3 Nh5 26. Qd2 Nxf4 27. Qxf4 Qxb2 28. Rb1 Qxc3 29. Rxb7 Re1+ 30. Kh2 Qxd3 31. Bxe1 Be5 32. Qxe5 dxe5 33. Rxd7 Qxc4 34. d6 f6 35. Re7 Kf8 36. Ra7 Qf4+ 37. g3 Qd4 38. d7 Ke7 39. Ba5 Qf2+ 40. Kh1 Qf1+ 41. Kh2 1/2-1/2

[Event "DM Kandidatklassen 2026"]
[Site "Svendborg"]
[Date "2026.04.05"]
[Round "6.7"]
[White "Snedker, Oliver Kaehne"]
[Black "Pirtac, Alexandru"]
[Result "0-1"]
[WhiteElo "2014"]
[BlackElo "2027"]
[WhiteFideId "1470051"]
[BlackFideId "13912143"]
[EventDate "2026.03.31"]
[EventType "swiss"]
[EventRounds "7"]
[EventCountry "DEN"]
[SourceTitle "Live v. Kasper Jerwiarz"]

1. e4 c5 2. Nf3 e6 3. d4 cxd4 4. Nxd4 Nf6 5. Nc3 Nc6 6. Ndb5 d6 7. Bf4 e5 8. Bg5 a6 9. Na3 b5 10. Nd5 Be7 11. Bxf6 Bxf6 12. c3 Bg5 13. Nc2 Rb8 14. a4 bxa4 15. Ncb4 Bd7 16. Rxa4 a5 17. Nxc6 Bxc6 18. Ra2 O-O 19. Bc4 Kh8 20. Qc2 f5 21. exf5 e4 22. f6 gxf6 23. O-O f5 24. Qd1 Rb7 25. Qd4+ Rg7 26. f4 exf3 27. Rxf3 Bf6 28. Qd3 Be5 29. b3 Qh4 30. h3 Rfg8 31. Qxf5 Qe1+ 32. Rf1 Rxg2+ 33. Kh1 Rg1+ 34. Rxg1 Qxg1# 0-1

[Event "DM Kandidatklassen 2026"]
[Site "Svendborg"]
[Date "2026.04.05"]
[Round "6.8"]
[White "Skjoldager, Per"]
[Black "Shajan, Alan Pattayil"]
[Result "1/2-1/2"]
[WhiteElo "2159"]
[BlackElo "1987"]
[WhiteFideId "1408828"]
[BlackFideId "33436134"]
[EventDate "2026.03.31"]
[EventType "swiss"]
[EventRounds "7"]
[EventCountry "DEN"]
[SourceTitle "Live v. Kasper Jerwiarz"]

1. e4 c6 2. Nc3 d5 3. exd5 cxd5 4. d4 Nc6 5. Bf4 a6 6. Nf3 Bg4 7. Be2 Bxf3 8. Bxf3 Nf6 9. O-O e6 10. Ne2 Bd6 11. c3 Bxf4 12. Nxf4 O-O 13. Re1 Qd6 14. Nd3 Rab8 15. Ne5 Nd7 16. Nxd7 Qxd7 17. Qd3 Ne7 18. Bd1 Rfc8 19. Bc2 g6 20. h4 b5 21. h5 b4 22. hxg6 hxg6 23. Re3 Nf5 24. Rh3 Kg7 25. g4 Ne7 26. cxb4 Qd6 27. a3 Qf4 28. Bd1 1/2-1/2

[Event "DM Kandidatklassen 2026"]
[Site "Svendborg"]
[Date "2026.04.05"]
[Round "6.9"]
[White "Nielsen Refs, Karl Emil Elmer"]
[Black "Alzaga, Luis"]
[Result "1-0"]
[WhiteElo "2161"]
[BlackElo "2129"]
[WhiteFideId "1452797"]
[BlackFideId "1481606"]
[EventDate "2026.03.31"]
[EventType "swiss"]
[EventRounds "7"]
[EventCountry "DEN"]
[SourceTitle "Live v. Kasper Jerwiarz"]

1. d4 Nf6 2. c4 e6 3. Nc3 Bb4 4. e3 O-O 5. Bd2 d5 6. a3 Bxc3 7. Bxc3 b6 8. cxd5 exd5 9. Bd3 Ba6 10. Bxa6 Nxa6 11. Qf3 Ne4 12. Ne2 Re8 13. Rc1 Nb8 14. Nf4 Nc6 15. O-O Ne7 16. b4 Qd7 17. Rfe1 Qa4 18. Bb2 c6 19. Qg4 Nd6 20. Rc3 Nc4 21. Bc1 a5 22. b5 Qxb5 23. Nh5 Ng6 24. f4 a4 25. Rf1 Re4 26. Ng3 Rae8 27. Nxe4 Rxe4 28. h4 h6 29. h5 Nf8 30. Qg3 Nd7 31. Qf3 c5 32. Rd1 Qc6 33. Rxc4 dxc4 34. d5 Qb5 35. Qxe4 Qb3 36. Rf1 b5 37. Qe8+ Nf8 38. d6 Qd3 39. Qxb5 1-0

[Event "DM Kandidatklassen 2026"]
[Site "Svendborg"]
[Date "2026.04.05"]
[Round "6.10"]
[White "Skytte, Robert"]
[Black "Sorensen, Michael D F"]
[Result "1-0"]
[WhiteElo "2009"]
[BlackElo "2041"]
[WhiteFideId "1471775"]
[BlackFideId "1404660"]
[EventDate "2026.03.31"]
[EventType "swiss"]
[EventRounds "7"]
[EventCountry "DEN"]
[SourceTitle "Live v. Kasper Jerwiarz"]

1. e4 e5 2. Nc3 Nf6 3. g3 c6 4. d4 Bb4 5. dxe5 Nxe4 6. Qd4 Qa5 7. Ne2 Nxc3 8. bxc3 Be7 9. h4 d6 10. exd6 Bf6 11. Qe3+ Kd8 12. Qf3 Re8 13. Bg5 Re6 14. Rd1 Nd7 15. Bh3 Re8 16. Bxd7 Bxd7 17. Bxf6+ gxf6 18. O-O Qxa2 19. Qxf6+ Kc8 20. Nd4 Qd5 21. Rfe1 c5 22. Rxe8+ Bxe8 23. Qe7 Bc6 24. Qc7# 1-0

[Event "DM Kandidatklassen 2026"]
[Site "Svendborg"]
[Date "2026.04.05"]
[Round "6.11"]
[White "Gregor, Bjarke"]
[Black "Durrfeld, Sofie Bech"]
[Result "1-0"]
[WhiteElo "2121"]
[BlackElo "2017"]
[WhiteFideId "1423401"]
[BlackFideId "1451324"]
[EventDate "2026.03.31"]
[EventType "swiss"]
[EventRounds "7"]
[EventCountry "DEN"]
[SourceTitle "Live v. Kasper Jerwiarz"]

1. e4 c5 2. Nf3 Nc6 3. d4 cxd4 4. Nxd4 Nf6 5. Nc3 e5 6. Ndb5 d6 7. Nd5 Nxd5 8. exd5 Ne7 9. c4 Ng6 10. Qa4 Bd7 11. Qb4 Qb8 12. Be3 a6 13. Nc3 Be7 14. Na4 b5 15. Nb6 bxc4 16. Qd2 Ra7 17. Bxc4 f5 18. f3 Bh4+ 19. g3 f4 20. Bf2 fxg3 21. hxg3 Bxg3 22. Bxg3 Qxb6 23. Bf2 Qb8 24. Bxa7 Qxa7 25. O-O-O Qc5 26. Qc2 Nf4 27. Kb1 Rf8 28. Qb3 a5 29. Rc1 Qb4 30. Qe3 Ke7 31. Bb3 a4 32. Rc4 Qa5 33. Bc2 Qxd5 34. Rc7 Ne6 35. Rxd7+ Kxd7 36. Qa7+ Nc7 37. Bxa4+ Kc8 38. Rc1 Rf7 39. Bb3 Qd3+ 40. Ka1 Re7 41. Be6+ Rxe6 42. Qxc7# 1-0

[Event "DM Kandidatklassen 2026"]
[Site "Svendborg"]
[Date "2026.04.05"]
[Round "6.12"]
[White "Jacobsen, Samuel Bro"]
[Black "Fyhn, Buster Hulthin"]
[Result "1-0"]
[WhiteElo "2099"]
[BlackElo "2050"]
[WhiteFideId "1480740"]
[BlackFideId "1481800"]
[EventDate "2026.03.31"]
[EventType "swiss"]
[EventRounds "7"]
[EventCountry "DEN"]
[SourceTitle "Live v. Kasper Jerwiarz"]

1. e4 c6 2. d4 d5 3. Nd2 dxe4 4. Nxe4 Nf6 5. Nxf6+ exf6 6. c3 Bd6 7. Bd3 O-O 8. Ne2 Re8 9. O-O Nd7 10. Qc2 Nf8 11. Be3 Be6 12. c4 Qd7 13. Ng3 Rad8 14. a3 a5 15. Rab1 b5 16. cxb5 cxb5 17. Qe2 Rb8 18. b4 axb4 19. axb4 Bxg3 20. hxg3 Bf5 21. Rbc1 Bxd3 22. Qxd3 Rec8 23. d5 Rxc1 24. Rxc1 Ne6 25. Qe4 Ng5 26. Bxg5 fxg5 27. Qe5 Re8 28. Qxg5 h6 29. Qd2 Kh7 30. Qd3+ g6 31. Qd4 Rd8 32. Rc5 Re8 33. d6 Re1+ 34. Kh2 Re6 35. Rc7 Qe8 36. d7 Qd8 37. Rc8 Rd6 38. Qxd6 Qg5 39. d8=Q Qh5+ 40. Kg1 Qd1+ 41. Qxd1 g5 42. Qg8# 1-0

[Event "DM Kandidatklassen 2026"]
[Site "Svendborg"]
[Date "2026.04.06"]
[Round "7.1"]
[White "Haarh, Simon Bjork"]
[Black "Veiergang, Oscar Jacob"]
[Result "1-0"]
[WhiteElo "2205"]
[BlackElo "2189"]
[WhiteFideId "1470515"]
[BlackFideId "1470183"]
[EventDate "2026.03.31"]
[EventType "swiss"]
[EventRounds "7"]
[EventCountry "DEN"]
[SourceTitle "Live v. Kasper Jerwiarz"]

1. b3 e5 2. Bb2 Nc6 3. e3 d5 4. Bb5 Ne7 5. Bxe5 a6 6. Bxc6+ Nxc6 7. Bg3 h5 8. h3 h4 9. Bh2 Qg5 10. Qf3 Bf5 11. Ne2 Be4 12. Qf4 Qxg2 13. Rg1 Qxh3 14. Qxc7 Qd7 15. Qxd7+ Kxd7 16. d3 Bf3 17. Nd2 Bxe2 18. Kxe2 Re8 19. Nf3 f6 20. Rg6 Ke6 21. Rag1 Kf7 22. c4 d4 23. a3 a5 24. Kd2 Rh5 25. Nxd4 Nxd4 26. exd4 Rf5 27. f4 b5 28. d5 h3 29. R6g3 g5 30. Rxh3 Bxa3 31. d4 Bb2 32. Kd3 a4 33. Rh7+ Kg6 34. Rb7 Ra8 35. d6 a3 36. d7 Rd8 37. Ra7 b4 38. d5 Bc3 39. Ke4 Bd2 40. fxg5 fxg5 41. c5 Rf7 42. d6 Rh8 43. Be5 1-0

[Event "DM Kandidatklassen 2026"]
[Site "Svendborg"]
[Date "2026.04.06"]
[Round "7.2"]
[White "Peitersen, Andreas"]
[Black "Skovgaard, Andreas"]
[Result "1-0"]
[WhiteElo "2141"]
[BlackElo "2148"]
[WhiteFideId "1479814"]
[BlackFideId "1450760"]
[EventDate "2026.03.31"]
[EventType "swiss"]
[EventRounds "7"]
[EventCountry "DEN"]
[SourceTitle "Live v. Kasper Jerwiarz"]

1. e4 c5 2. Nf3 d6 3. Bb5+ Nd7 4. O-O a6 5. Bd3 Ngf6 6. Re1 b5 7. Bf1 Bb7 8. d3 e6 9. Nbd2 Be7 10. g3 O-O 11. c3 e5 12. Bg2 Re8 13. c4 Nf8 14. Qc2 Ne6 15. b3 h6 16. Nf1 Nh7 17. Ne3 Nhg5 18. Nf5 Kh7 19. Nxe7 Qxe7 20. Nxg5+ hxg5 21. Be3 g6 22. Qe2 Kg7 23. Qg4 Bc8 24. Qe2 Rh8 25. Rab1 Bd7 26. Bf3 Raf8 27. Bg2 Rh7 28. f3 f5 29. Bf2 Rfh8 30. h3 g4 31. fxg4 fxg4 32. h4 g5 33. Qxg4 Nf4 34. Qf3 Nxg2 35. Kxg2 Rf8 36. Qe3 gxh4 37. gxh4 Kh8 38. Bg3 Qe6 39. Rh1 Rg8 40. Rbg1 Qg4 41. Qf3 Qg6 42. h5 Qg5 43. h6 Bg4 44. Qf2 Bh5 45. Rxh5 1-0

[Event "DM Kandidatklassen 2026"]
[Site "Svendborg"]
[Date "2026.04.06"]
[Round "7.3"]
[White "Pirtac, Alexandru"]
[Black "Thuesen, Mogens Henrik"]
[Result "0-1"]
[WhiteElo "2027"]
[BlackElo "2056"]
[WhiteFideId "13912143"]
[BlackFideId "1400878"]
[EventDate "2026.03.31"]
[EventType "swiss"]
[EventRounds "7"]
[EventCountry "DEN"]
[SourceTitle "Live v. Kasper Jerwiarz"]

1. e4 c5 2. Nf3 e6 3. d3 d5 4. Nbd2 Nc6 5. g3 Nf6 6. Bg2 Be7 7. O-O b6 8. c3 Qc7 9. Re1 Bb7 10. e5 Nd7 11. d4 b5 12. a4 bxa4 13. Rxa4 Nb6 14. Ra1 cxd4 15. cxd4 Nb4 16. Ra3 O-O 17. Rc3 Qd7 18. Nb3 Na4 19. h4 Nxc3 20. bxc3 Nc6 21. h5 h6 22. g4 Qd8 23. Nc5 Bxc5 24. dxc5 d4 25. Nxd4 Rc8 26. g5 Nxd4 27. Bxb7 Rc7 28. cxd4 Rxb7 29. Qg4 Kh8 30. Kh2 hxg5 31. Bxg5 f6 32. Bh4 f5 33. Qf4 Qe8 34. h6 Qh5 35. Re3 Rg8 36. Rh3 g5 37. c6 Rc7 38. d5 gxh4 39. Rc3 Qg6 40. Qf3 Qg1+ 41. Kh3 Qg4+ 0-1

[Event "DM Kandidatklassen 2026"]
[Site "Svendborg"]
[Date "2026.04.06"]
[Round "7.4"]
[White "Li, Anna Sofie"]
[Black "Lilja, Richard"]
[Result "1-0"]
[WhiteElo "2047"]
[BlackElo "2074"]
[WhiteFideId "1472119"]
[BlackFideId "1403109"]
[EventDate "2026.03.31"]
[EventType "swiss"]
[EventRounds "7"]
[EventCountry "DEN"]
[SourceTitle "Live v. Kasper Jerwiarz"]

1. e4 e6 2. d4 d5 3. e5 Bd7 4. Nf3 a6 5. a4 c5 6. c3 Nc6 7. dxc5 Bxc5 8. Bd3 Qc7 9. Qe2 Nge7 10. O-O Ng6 11. Re1 Ba7 12. h4 Bb8 13. Bxg6 hxg6 14. b4 Rh5 15. g4 Nxe5 16. gxh5 Nxf3+ 17. Qxf3 Qh2+ 18. Kf1 gxh5 19. Bg5 f6 20. Qxh5+ Kd8 21. Be3 Be8 22. Qg4 e5 23. Nd2 Bd7 24. Qg3 e4 25. Qxh2 1-0

[Event "DM Kandidatklassen 2026"]
[Site "Svendborg"]
[Date "2026.04.06"]
[Round "7.5"]
[White "Jarlskov, Daniel Tuk Hartso"]
[Black "Zander, Emil"]
[Result "0-1"]
[WhiteElo "2199"]
[BlackElo "2205"]
[WhiteFideId "1463896"]
[BlackFideId "1467123"]
[EventDate "2026.03.31"]
[EventType "swiss"]
[EventRounds "7"]
[EventCountry "DEN"]
[SourceTitle "Live v. Kasper Jerwiarz"]

1. d4 d5 2. c4 c6 3. Nf3 Nf6 4. g3 Bg4 5. Bg2 e6 6. O-O Nbd7 7. Nc3 Be7 8. b3 h6 9. Bb2 O-O 10. Ne5 Bf5 11. Re1 Qc7 12. e4 dxe4 13. Nxe4 Rad8 14. Nxf6+ Bxf6 15. Qe2 Nxe5 16. dxe5 Bd3 17. Qf3 Be7 18. Red1 Bf5 19. Qe3 Rxd1+ 20. Rxd1 Rd8 21. Rxd8+ Qxd8 22. Bf3 Qa5 23. a4 Bc2 24. Kg2 Qb4 25. Qxa7 Bxb3 26. Bd4 Bxc4 27. Bb6 Qe1 28. h3 Qf1+ 29. Kh2 Qd3 30. Bg2 Qd7 31. Bc5 Bxc5 32. Qxc5 Bd5 33. Qb6 Bxg2 34. Kxg2 Qd5+ 35. Kh2 c5 36. Qb5 g6 37. h4 h5 38. a5 c4 39. Qb4 Kg7 40. Kg1 Qd1+ 41. Kg2 Qb3 42. Qe7 c3 43. Qf6+ Kg8 44. Qd8+ Kh7 45. Qf8 Qd5+ 46. f3 Qd2+ 47. Kh3 Qd7 48. Qc5 Qd3 49. Qc7 Qxf3 50. Kh2 Qf2+ 51. Kh3 c2 52. a6 Qf1+ 53. Kh2 c1=Q 0-1

[Event "DM Kandidatklassen 2026"]
[Site "Svendborg"]
[Date "2026.04.06"]
[Round "7.6"]
[White "Boje, Tobias Rosholm"]
[Black "Skjoldager, Per"]
[Result "1/2-1/2"]
[WhiteElo "2130"]
[BlackElo "2159"]
[WhiteFideId "1413643"]
[BlackFideId "1408828"]
[EventDate "2026.03.31"]
[EventType "swiss"]
[EventRounds "7"]
[EventCountry "DEN"]
[SourceTitle "Live v. Kasper Jerwiarz"]

1. e4 c5 2. Nc3 g6 3. g3 Bg7 4. Bg2 e6 5. d3 Ne7 6. Be3 d6 7. Qd2 Nbc6 8. Bh6 Bf6 9. Nge2 a6 10. O-O Ng8 11. Be3 Nge7 12. Bh6 Ng8 13. Be3 Nge7 14. Bh6 1/2-1/2

[Event "DM Kandidatklassen 2026"]
[Site "Svendborg"]
[Date "2026.04.06"]
[Round "7.7"]
[White "Slavensky, Asbjorn Vesterkaer"]
[Black "Skytte, Robert"]
[Result "1/2-1/2"]
[WhiteElo "2103"]
[BlackElo "2009"]
[WhiteFideId "1470094"]
[BlackFideId "1471775"]
[EventDate "2026.03.31"]
[EventType "swiss"]
[EventRounds "7"]
[EventCountry "DEN"]
[SourceTitle "Live v. Kasper Jerwiarz"]

1. d4 d5 2. c4 c5 3. cxd5 Qxd5 4. e3 cxd4 5. Nc3 Qd8 6. exd4 Nf6 7. Nf3 g6 8. Bc4 Bg7 9. O-O O-O 10. h3 a6 11. a4 b6 12. Re1 Bb7 13. d5 b5 14. axb5 axb5 15. Rxa8 Bxa8 16. d6 Qxd6 17. Qxd6 exd6 18. Nxb5 Bxf3 19. gxf3 d5 20. Bb3 Nbd7 21. Bf4 Nc5 22. Bc2 Ne6 23. Bd6 Rc8 24. Bb3 Ne8 25. Bxd5 Nxd6 26. Bxe6 Rd8 27. Rd1 fxe6 28. Rxd6 1/2-1/2

[Event "DM Kandidatklassen 2026"]
[Site "Svendborg"]
[Date "2026.04.06"]
[Round "7.9"]
[White "Shajan, Alan Pattayil"]
[Black "Gregor, Bjarke"]
[Result "0-1"]
[WhiteElo "1987"]
[BlackElo "2121"]
[WhiteFideId "33436134"]
[BlackFideId "1423401"]
[EventDate "2026.03.31"]
[EventType "swiss"]
[EventRounds "7"]
[EventCountry "DEN"]
[SourceTitle "Live v. Kasper Jerwiarz"]

1. d4 Nf6 2. Nf3 d5 3. g3 e6 4. Bg2 Be7 5. O-O O-O 6. c4 dxc4 7. Ne5 Nc6 8. Bxc6 bxc6 9. Nxc6 Qe8 10. Nxe7+ Qxe7 11. Na3 c5 12. dxc5 Qxc5 13. Be3 Qh5 14. Nxc4 Ng4 15. h4 Ba6 16. Rc1 Nxe3 17. fxe3 Qg4 18. Qe1 Bxc4 19. Rf4 Qxe2 20. Rfxc4 Qxb2 21. R1c2 Qa3 22. Qc3 Qd6 23. Kh2 Rad8 24. Qa5 Qd1 25. Rf2 Rd7 26. Kg2 Qb1 27. Qh5 g6 28. Qg4 h5 29. Qe4 Qe1 30. Rd4 Rc7 31. Rf1 Qe2+ 32. Rf2 Qe1 33. Rf1 Qa5 34. Rf2 Qc5 35. Rfd2 Kg7 36. Qb1 Qc6+ 37. Kh2 e5 38. Rd5 Qf6 39. Rd6 Qf3 40. Qb2 Qxe3 41. Re2 Qc3 42. Qxc3 Rxc3 43. Ra6 f6 44. Rxa7+ Rf7 45. Ra6 Rfc7 46. Kh3 Rf3 47. Rg2 e4 48. a4 Re7 49. Rb6 Ra3 50. Rf2 f5 51. Rc2 f4 52. Rg2 e3 53. Rg1 e2 54. Rbb1 f3 0-1

[Event "DM Kandidatklassen 2026"]
[Site "Svendborg"]
[Date "2026.04.06"]
[Round "7.10"]
[White "Jacobsen, Samuel Bro"]
[Black "Snedker, Oliver Kaehne"]
[Result "0-1"]
[WhiteElo "2099"]
[BlackElo "2014"]
[WhiteFideId "1480740"]
[BlackFideId "1470051"]
[EventDate "2026.03.31"]
[EventType "swiss"]
[EventRounds "7"]
[EventCountry "DEN"]
[SourceTitle "Live v. Kasper Jerwiarz"]

1. e4 c6 2. d4 d5 3. Nd2 dxe4 4. Nxe4 Bf5 5. Ng3 Bg6 6. h4 h6 7. Nf3 Nf6 8. h5 Bh7 9. Bd3 Bxd3 10. Qxd3 e6 11. Bd2 c5 12. O-O-O Nc6 13. Qb5 Qb6 14. Qxb6 axb6 15. Bc3 Rxa2 16. Kb1 Ra8 17. dxc5 bxc5 18. Bxf6 gxf6 19. Ne4 Be7 20. c3 Rg8 21. g3 f5 22. Nd6+ Bxd6 23. Rxd6 Ke7 24. Rhd1 Rgd8 25. Rxd8 Rxd8 26. Rxd8 Kxd8 27. Kc2 Ke7 28. Kd3 b5 29. Nd2 Ne5+ 30. Ke3 Nc4+ 31. Nxc4 bxc4 32. f4 f6 33. Kf3 e5 34. Ke3 Kd6 35. Kd2 e4 36. Ke3 Kc6 37. g4 fxg4 38. Kxe4 f5+ 39. Kxf5 g3 40. Ke6 g2 41. f5 g1=Q 42. f6 Qe3+ 43. Kf7 Kd7 44. b3 Qe8+ 45. Kg7 Qxh5 46. bxc4 Ke6 47. f7 Qxf7+ 48. Kh8 Qf6+ 49. Kg8 h5 50. Kh7 Qg5 0-1

[Event "DM Kandidatklassen 2026"]
[Site "Svendborg"]
[Date "2026.04.06"]
[Round "7.11"]
[White "Alzaga, Luis"]
[Black "Fyhn, Buster Hulthin"]
[Result "1/2-1/2"]
[WhiteElo "2129"]
[BlackElo "2050"]
[WhiteFideId "1481606"]
[BlackFideId "1481800"]
[EventDate "2026.03.31"]
[EventType "swiss"]
[EventRounds "7"]
[EventCountry "DEN"]
[SourceTitle "Live v. Kasper Jerwiarz"]

1. e4 c6 2. d4 d5 3. e5 c5 4. dxc5 e6 5. a3 Bxc5 6. b4 Be7 7. Bb2 a5 8. b5 Nd7 9. Nf3 f6 10. c4 Nxe5 11. Nxe5 fxe5 12. Bxe5 Nf6 13. Nd2 O-O 14. Bd3 b6 15. O-O Bb7 16. Qe2 Qd7 17. Bb2 Bc5 18. Rad1 Rae8 19. Nf3 Qe7 20. Ng5 h6 21. Nf3 Nd7 22. cxd5 Bxd5 23. Be4 Bxe4 24. Qxe4 Nf6 25. Qd3 Rd8 26. Qb3 Rxd1 27. Rxd1 Ne4 28. Bd4 Bxd4 29. Rxd4 Nc5 30. Qe3 Qe8 31. Qe2 Qg6 32. Rd6 Rxf3 33. Qxf3 1/2-1/2